The present guide to quantitative aptitude: (Record no. 153780)

MARC details
000 -LEADER
fixed length control field 00628nam a22001937a 4500
005 - DATE AND TIME OF LATEST TRANSACTION
control field 20180710154856.0
010 ## - LCCN (DPL NO)
LC control number B-226173
020 ## - INTERNATIONAL STANDARD BOOK NUMBER
International Standard Book Number 8131715035
035 ## - SYSTEM CONTROL NUMBER
System control number B-226173
037 ## - SOURCE OF ACQUISITION
Source of stock number/acquisition Pearson
082 ## - DEWEY DECIMAL CLASSIFICATION NUMBER
Classification number 000
100 ## - MAIN ENTRY--PERSONAL NAME
Personal name Khattar, Dinesh
245 ## - TITLE STATEMENT
Title The present guide to quantitative aptitude:
Remainder of title for MBA entrance examination
Statement of responsibility, etc Dinesh Khattar
260 ## - PUBLICATION, DISTRIBUTION, ETC. (IMPRINT)
Place of publication, distribution, etc New Delhi
Name of publisher, distributor, etc Pearson
Date of publication, distribution, etc 2008
270 ## - ADDRESS
Address 482, F.I.E., Patparganj, Delhi 110092
City Delhi
Postal code 110092
300 ## - PHYSICAL DESCRIPTION
Extent 843p.
Dimensions 27cm(pb)
942 ## - ADDED ENTRY ELEMENTS (KOHA)
Source of classification or shelving scheme Dewey Decimal Classification
Item type English Books
Classification part 000
Call number suffix KHA
Holdings
Withdrawn status Lost status Not for loan Collection code Home library Current library Date acquired Full call number Barcode Koha item type Public note
      Non-fiction Sarojini Nagar Sarojini Nagar 10/07/2018 000 KHA B-226173 English Books Withdrawn List Prepared L.No.08/20

© Delhi Public Library
Hit Counter
free hit counter